000 00252nam a2200109Ia 4500
008 230822s1999 xx 000 0 und d
041 _aeng
100 _aBUDHANANDA S
245 _aWILL- POWER & ITS DEVELOPMENT
260 _bNULL
_c1999
300 _a536
999 _c861638
_d861638